000
00301 a2200145 4500
001
47641
040
_c
Anchieta - Aquarius
100
_a
Andrews, Paul
240
1
0
_a
O ursinho Puff
_l
por
245
1
0
_a
O ursinho Puff
300
_a
23
362
0
_a
1997
650
4
_a
Literatura infantil
942
_c
BK
999
_c
47641
_d
47641